Wahrzeichen Europäischer Städte (leicht) - Statistiken

Allgemein
  • Dieses Quiz wurde 99 mal gespielt
  • Das Durchschnittsergebnis liegt bei 11 aus 16
Antwortstatistiken
Bildquiz Antwort % Korrekt
Paris
97%
Berlin
95%
Rom
95%
Athen
93%
London
93%
Brüssel
84%
Barcelona
82%
Budapest
73%
München
70%
Prag
65%
Wien
52%
Madrid
50%
Lissabon
43%
Warschau
39%
Bukarest
36%
Stockholm
22%
Keine übereinstimmenden Quizze gefunden
Verteilung der Resultate
Anzahl Personen mit jedem Resultat
Perzentil nach korrekt beantworteten Fragen
Ihre Resultats-Entwicklung
Sie haben dieses Quiz noch nicht gespielt